Music Quiz

Random Music or Artist Quiz

Bald Singers Quiz Stats

Quiz Updated May 6, 2013

Challenge
Share
Tweet
Score 0/18 Timer 07:00
4 Plays Today
Number Band % Correct
Seal
85%
Cee Lo Green
75.8%
Sinéad O'Connor
75.1%
Phil Collins (Genesis)
74.2%
Richard Hall (Moby)
67.2%
Michael Stipe (REM)
66.2%
Billy Corgan (Smashing Pumpkins)
52.8%
Darius Rucker (Hootie & the Blowfish)
46%
Isaac Hayes
40.8%
Number Band % Correct
Chris Daughtry
38.6%
Rob Halford (Judas Priest)
31%
Aaron Lewis (Staind)
22.6%
Rene Dif (Aqua)
18.9%
Ed Kowalczyk (Live)
16.7%
Peter Garrett (Midnight Oil)
15.9%
David Draiman (Disturbed)
13.9%
Maynard James Keenan (Tool)
10.6%
Chris Ballew (Presidents of...)
9.7%

You're not logged in!

Compare scores with friends on all Sporcle quizzes.
Join for Free
OR
Log In

You Might Also Like...

Show Comments

Extras

Top Quizzes Today


Score Distribution

Your Account Isn't Verified!

In order to create a playlist on Sporcle, you need to verify the email address you used during registration. Go to your Sporcle Settings to finish the process.

Report this User

Report this user for behavior that violates our Community Guidelines.

Details: